000 01500nam a2200277Ia 4500
999 _c54854
_d54854
001 21923
003 GE_BSU
005 20220810123926.0
008 181216s ||||ge |||||||||||||| ||geo||
020 _a978-9941-10-239-4
040 _cGE_BSU
041 _ageo
080 _a811.353.32'36 ე-40
100 _aეზუგბაია, ლალი
_92149
245 _aმეგრულ-ლაზურის გრამატიკის საკითხები /
_cრედ. თედო უთურგაიძე ; ინგლ. ვერსიის რედ. მანანა რუსიეშვილი.
264 _aთბილისი :
_bმერიდიანი,
_c2010.
300 _a250 გვ. :
_bტაბ., ცხრ. ;
_c 20 სმ.
541 _h10ლ.
653 _aმეგრული ენის გრამატიკა
653 _aლაზური ენის გრამატიკა
653 _aმეგრულ-ლაზურის გრამატიკის საკითხები
700 _aუთურგაიძე, თედო
_eრედაქტორი
_97872
700 _aრუსიეშვილი, მანანა
_eინგლისური ვერსიის რედაქტორი
_914519
710 _aარნოლდ ჩიქობავას სახელობის ენათმეცნიერების ინიტუტი
_914520
942 _cBK
_2udc